Regional economic outlook western hemisphere

Guardado en:
Detalles Bibliográficos
Formato: Libro
Lenguaje:inglés
Publicado: Washington, D.C. International Monetary Fund 2010
Colección:World economic and financial surveys
Materias:
Etiquetas: Agregar Etiqueta
Sin Etiquetas, Sea el primero en etiquetar este registro!

MARC

LEADER 00000nam$a2200000$$$4500
001 0115813
005 20240315115639.2
020 |a 978-1-58906-921-3 
041 0 |a eng 
044 |a US 
245 1 0 |a Regional economic outlook  |b western hemisphere 
264 1 |a Washington, D.C.  |b International Monetary Fund  |c 2010 
300 |a viii, 70 s. 
490 1 |a World economic and financial surveys 
830 0 |a World economic and financial surveys 
610 2 0 |a situácia hospodárska 
610 2 0 |a politika hospodárska 
610 2 0 |a rozvoj hospodársky 
610 2 0 |a prognózy hospodárske 
610 2 0 |a politika fiškálna 
610 2 0 |a politika finančná 
610 2 0 |a trh kapitálový 
610 2 0 |a Severná Amerika 
610 2 0 |a Latinská Amerika 
610 2 0 |a Karibská oblasť